000 02140nam a2200301 i 4500
003 DO-SdBNP
005 20250611073819.0
007 ta
008 240820s2022 dr 000 j spa d
020 _a9789945621327
040 _aDO-SdBNP
_bspa
_cBNPHU
_erda
082 _222
_bR426g
110 1 _aRepública Dominicana.
_bMinisterio de Salud Pública
_980830
245 1 0 _aGuía nacional para la atención de la coinfección TB y VIH /
264 1 _aSanto Domingo :
_bMspas,
_c[2022].
300 _a113 páginas,
_c21 cm.
336 _2rdacontent
_atexto
_btxt
337 _2rdamedia
_asin mediación
_bn
338 _2rdacarrier
_avolumen
_bnc
500 _aLibro en espiral.
504 _aBibliografía p: 102-105.
520 _aLa pandemia de la infección por el VIH representa un importante desafío para el control de la tuberculosis (TB) a nivel nacional, constituyó el 26% de los casos registrados con resultados de prueba de VIH (852/3749) en el 2019. Al mismo tiempo la tuberculosis fue una de las principales causas de muertes en personas viviendo con VIH, 50% (131/260) en el mismo periodo; esto atribuido a demoras en el diagnóstico en personas coinfectadas TB/VIH. Para el 2018 la Organización Mundial de la Salud (OMS) estimó que a nivel mundial 10 millones de personas enfermaron de tuberculosis (TB), de los cuales 1.5 fallecieron a causa de la enfermedad y dentro de estas 251,000 eran personas viviendo con VIH. La TB es la causa principal de muerte en personas con VIH30 . La coinfección TB/VIH es un problema de salud pública a nivel mundial, siendo el Caribe una de las áreas de mayor incidencia y prevalencia de casos en la Región de las Américas. Estandarizar y unificar los lineamientos sobre prevención, diagnóstico y tratamiento de la coinfección TB/VIH de manera integral y coordinada entre los programas de control de la tuberculosis y control de VIH, basados en evidencia científica.
590 _aInventariado, 2024/ YL
650 4 _aTuberculosis
_xTratamiento
_979001
710 1 _aMinisterio de Salud Pública y Asistencia Social
_986348
910 _aYLockward
942 _2ddc
_cLBS1
999 _c57482
_d57482